|
|
|
|
| LEADER |
00000nab a2200000 a 4500 |
| 001 |
vtls000580020 |
| 003 |
SK-MaSNL |
| 005 |
20260304095843.0 |
| 008 |
250425c1996 xo 0 slo |
| 015 |
|
|
|a SNBRB19rr/mm-uuuuu
|
| 035 |
|
|
|a CL0580158
|
| 035 |
|
|
|a urn:nbn:sk:snk-ab20vz
|
| 035 |
|
|
|a (urnnbn)urn:nbn:sk:snk:ar-a01dsp
|
| 035 |
|
|
|a (uuid)beb03eaf-3de0-4bb1-8cf9-871abf93c4ad
|
| 040 |
|
|
|a SNKBUCL
|b slo
|c SNKBUCL
|e AACR2
|
| 041 |
0 |
|
|a slo
|
| 044 |
|
|
|a xo
|c SK
|
| 080 |
|
|
|a 78.071.2:786.2
|2 1981
|
| 080 |
|
|
|a 786.2
|2 1981
|
| 080 |
|
|
|a 374.124:78
|2 1981
|
| 080 |
|
|
|a 929 Pokojná, Paula
|2 1981
|
| 100 |
1 |
|
|a Ghillány, Tibor
|4 aut
|9 648367
|
| 245 |
1 |
0 |
|a Prof. Paula Pokojná - 90-ročná
|c Tibor Ghillány
|
| 300 |
|
|
|b Obr. 1
|
| 600 |
1 |
7 |
|a Pokojná, Paula
|d 1906-
|x profily
|2 snkbucl
|9 1393468
|
| 655 |
|
7 |
|a články z novín a časopisov
|2 snkbucl
|9 267496
|
| 773 |
0 |
|
|t Hudobný život '96
|g Roč. 28, č. 5 (1996), s. 2
|
| 850 |
|
|
|a Slovenská národná knižnica
|
| 852 |
|
|
|a Slovenská národná knižnica
|
| 954 |
|
|
|a odborná, vedecká literatúra pôvodná (slovenská)
|2 lita
|
| 958 |
|
|
|a article27
|
| 958 |
|
|
|a OND
|
| 958 |
|
|
|a BX
|
| 958 |
|
|
|a RK
|
| 958 |
|
|
|a SK
|
| 958 |
|
|
|a EUIPO
|
| 992 |
|
|
|a RBX
|
| 999 |
|
|
|c 2834708
|d 2836638
|